Diseño y síntesis de máquinas de estados finitos con capacidad de prueba (TFSM) empleando un tipo de autómata celular
Salvato in:
| Autore principale: | |
|---|---|
| Natura: | Libro |
| Pubblicazione: |
San José, C.R.
1999
|
| Soggetti: | |
| Tags: |
Aggiungi Tag
Nessun Tag, puoi essere il primo ad aggiungerne!!
|
MARC
| LEADER | 00000nam a2200000Ia 4500 | ||
|---|---|---|---|
| 003 | 008470 | ||
| 005 | 20221231144210.0 | ||
| 008 | 140114s1999 a m 000 ||s d | ||
| 040 | |c cru CEDI | ||
| 090 | |a TFG 4119 | ||
| 100 | |a Vásquez Vivas, Javier Elías |9 8262 | ||
| 245 | |a Diseño y síntesis de máquinas de estados finitos con capacidad de prueba (TFSM) empleando un tipo de autómata celular | ||
| 260 | |c 1999 |a San José, C.R. | ||
| 300 | |a xiii, 216 hojas : ilustraciones | ||
| 500 | |a Tesis (maestría en ingeniería eléctrica con énfasis en sistemas digitales)--Universidad de Costa Rica. Estudios de Posgrado. Comisión del Programa de Estudios de Posgrado en Ingeniería Electrica | ||
| 650 | |x ELECTRONICA DIGITAL |x CONTROL AUTOMATICO |x CIRCUITOS INTEGRADOS DIGITALES |x ELECTRONICA DIGITAL - INVESTIGACIONES |9 8263 | ||
| 942 | |c TFG | ||
| 999 | |c 18322 |d 18322 | ||
